Car brands #5 - Statistics

General Stats
  • This quiz has been taken 84 times
  • The average score is 6 of 7
Answers on the Map
Answers color-coded by a green-red scale on the quiz's map according to % correct below.
 
Answer Stats
Answer % Correct
Daewoo
87%
Honda
87%
Aston Martin
86%
Hummer
86%
Lamborghini
84%
Volvo
84%
Porsche
83%
No matching quizzes found
Score Distribution
Percent of People with Each Score
Percentile by Number Answered
Your Score History
You have not taken this quiz